000 00844nam a2200217 4500
001 110358
003 ES-MaACL
005 20250730080558.0
007 t|
008 061121s1947 mx r ||||1| spa d
245 0 0 _aOrdenanzas del trabajo, siglos XVI y XVII /
_cSelección y notas de Silvio Zavala.
260 _aMéxico :
_b`Elede`,
_c1947.
300 _aXXV, 29-318 h. ;
_c24 cm.
490 1 _aColección de obras históricas mexicanas
500 _aEs publicación nº5 del Instituto de Historia de la Universidad Nacional Autónoma de México.
700 1 _aZavala, Silvio,
_d1909-2014
_9118108
710 2 _aUniversidad Nacional Autónoma de México.
_bInstituto de Historia.
_97398
830 0 _aColección de obras históricas mexicanas
_9233017
852 _aES-MaACL
_jC-4480
_bR.24368
999 _c110358
_d110358